[Event "Rated Blitz game"]
[Site "?"]
[Date "2021.07.18"]
[Round "?"]
[White "junhaopro"]
[Black "annaly1979"]
[Result "0-1"]
[WhiteElo "2464"]
[BlackElo "2452"]
[PlyCount "118"]
[EventDate "2021.??.??"]
[EventType "blitz"]

1. e4 e5 2. Nf3 d5 3. exd5 e4 4. Ne5 Bd6 5. d4 Nf6 6. Nc4 O-O 7. Be2 h6 8. O-O
Bf5 9. Nc3 a6 10. f3 Bg6 11. fxe4 Nxe4 12. Nxd6 Nxd6 13. Bf4 Re8 14. Bf3 Qf6
15. Be5 Rxe5 16. dxe5 Qxe5 17. Re1 Qf6 18. Ne4 Bxe4 19. Bxe4 Qxb2 20. Qg4 Nxe4
21. Qxe4 Nd7 22. Rab1 Qf6 23. Rxb7 Nc5 24. Qb4 Nxb7 25. Qxb7 Rd8 26. Qxc7 Rxd5
27. Qc4 Qb6+ 28. Kh1 Rd8 29. Qb3 Qf2 30. Rg1 Rd2 31. Qa4 Rxc2 32. Qxa6 Rxa2 33.
Qc8+ Kh7 34. h3 Rc2 35. Qa6 g6 36. Qd3 Kg7 37. Qb3 Re2 38. Qd3 Kh7 39. Qc4 Re1
40. Rxe1 Qxe1+ 41. Kh2 Qe5+ 42. Kh1 Kg7 43. Qd3 h5 44. Qf3 f5 45. Qd1 Qf4 46.
Qd7+ Kh6 47. Qb7 h4 48. Qc6 Kg5 49. Qb7 Qd6 50. Qa8 Qe5 51. Qb7 Kh6 52. Qa8 Qg7
53. Qc6 Kh7 54. Qc1 g5 55. Qc6 Qg6 56. Qd5 Kh6 57. Qd7 g4 58. hxg4 fxg4 59. Qd3
Qxd3 {Normal} 0-1

[Event "Rated Blitz game"]
[Site "?"]
[Date "2021.07.18"]
[Round "?"]
[White "SmartrusGamer"]
[Black "torgaev"]
[Result "1-0"]
[WhiteElo "2421"]
[BlackElo "2249"]
[PlyCount "117"]
[EventDate "2021.??.??"]
[EventType "blitz"]

1. e4 e5 2. Nf3 d5 3. Nxe5 Bd6 4. d4 dxe4 5. Nc3 Bxe5 6. dxe5 Qxd1+ 7. Nxd1 Nc6
8. Bf4 Bf5 9. Bb5 O-O-O 10. Bxc6 bxc6 11. Ne3 Bg6 12. h4 h5 13. Rd1 Ne7 14. Ke2
Nd5 15. Bg5 Rd7 16. a3 Re8 17. Nxd5 cxd5 18. Bf4 d4 19. Rd2 d3+ 20. cxd3 exd3+
21. Ke3 f6 22. Rc1 fxe5 23. Bg3 Rf7 24. Rc5 Rfe7 25. Rd1 Kd7 26. Kd2 Kd6 27.
Rdc1 Be4 28. f3 Bb7 29. Kxd3 Bd5 30. b4 c6 31. Kd2 Rf8 32. R5c3 Ke6 33. Re3 Rf5
34. Rce1 Kf6 35. Kc3 g6 36. a4 a6 37. a5 Re6 38. R3e2 Re8 39. Rf1 e4 40. f4 Ke6
41. Kd4 Rd8 42. Rc1 Kf6 43. Ke3 Ke6 44. Be1 Rf7 45. Rc5 Rfd7 46. Bc3 Kf5 47. g3
Kg4 48. Kf2 Re8 49. Re3 Rde7 50. Bf6 Re6 51. Bd4 Rd8 52. Kg2 Rb8 53. Be5 Rxb4
54. Re2 Ra4 55. Kh2 Ra2 56. Rxa2 Bxa2 57. Bd4 e3 58. Kg2 e2 59. Rg5# {Normal}
1-0

[Event "Rated Blitz tournament poUR4Q5G"]
[Site "?"]
[Date "2021.07.18"]
[Round "?"]
[White "Quieze"]
[Black "batasjon"]
[Result "0-1"]
[WhiteElo "2342"]
[BlackElo "2412"]
[PlyCount "102"]
[EventDate "2021.??.??"]
[EventType "blitz"]

1. e4 e5 2. Nf3 d5 3. Nxe5 Bd6 4. d4 dxe4 5. Nc4 Nf6 6. Be2 O-O 7. Nc3 Nc6 8.
Nxd6 Qxd6 9. Be3 Rd8 10. Nb5 Qe7 11. c3 Ne5 12. h3 c6 13. Na3 Nd5 14. O-O c5
15. Qc2 cxd4 16. Bxd4 Nf3+ 17. Kh1 Nxd4 18. cxd4 Nf4 19. Rfe1 Rxd4 20. Bf1 Bf5
21. Nb5 Rd7 22. Nc3 Re8 23. Re3 Bg6 24. Rae1 f5 25. f3 Qg5 26. fxe4 fxe4 27.
Nxe4 Bxe4 28. Rxe4 Rf8 29. Re5 Qg3 30. Qc4+ Kh8 31. Rf5 Ng6 32. Rxf8+ Nxf8 33.
Qe4 Qf2 34. Qe2 Qf6 35. Qe5 Qd8 36. Qe8 h6 37. Qxd8 Rxd8 38. Re7 Rc8 39. Rxb7
a5 40. Kg1 Ng6 41. Ra7 Rc5 42. Bd3 Nf8 43. Ra8 Kg8 44. b3 Kf7 45. Ra7+ Kf6 46.
a3 Ne6 47. b4 axb4 48. axb4 Rc3 49. Be4 Ke5 50. Bf3 Rb3 51. Rxg7 Nxg7 {Time
forfeit} 0-1

[Event "Rated Blitz game"]
[Site "?"]
[Date "2021.07.18"]
[Round "?"]
[White "Buzilo"]
[Black "Schachelite"]
[Result "0-1"]
[WhiteElo "2374"]
[BlackElo "2483"]
[PlyCount "68"]
[EventDate "2021.??.??"]
[EventType "blitz"]

1. e4 e5 2. Nf3 d5 3. exd5 e4 4. Qe2 Nf6 5. d3 Qxd5 6. Nbd2 Nc6 7. Nxe4 Be6 8.
Neg5 O-O-O 9. Nxe6 fxe6 10. Bd2 Bc5 11. h3 Rhf8 12. Bc3 Nd4 13. Nxd4 Bxd4 14.
Bxd4 Qxd4 15. Qxe6+ Kb8 16. O-O-O Qxf2 17. Qe1 Qf4+ 18. Qd2 Qa4 19. Kb1 Ne4 20.
Qe3 Nf2 21. Be2 Rde8 22. Qc5 b6 23. Qh5 g6 24. Qh6 Nxh1 25. Rxh1 Qf4 26. Qxf4
Rxf4 27. Bf3 c5 28. Kc1 Kc7 29. Kd2 Kd6 30. h4 Re5 31. b3 Ke7 32. a4 Kf8 33. c3
Kg7 34. d4 cxd4 {Normal} 0-1

[Event "Rated Blitz tournament poUR4Q5G"]
[Site "?"]
[Date "2021.07.18"]
[Round "?"]
[White "winawer1"]
[Black "Schachelite"]
[Result "0-1"]
[WhiteElo "2329"]
[BlackElo "2484"]
[PlyCount "96"]
[EventDate "2021.??.??"]
[EventType "blitz"]

1. e4 e5 2. Nf3 d5 3. exd5 e4 4. Ne5 Qxd5 5. d4 exd3 6. Nxd3 Nf6 7. Nc3 Qf5 8.
Be2 Bd6 9. Be3 O-O 10. Qd2 Nc6 11. O-O-O a6 12. h3 Be6 13. Kb1 Rad8 14. f4 Ne4
15. Nxe4 Qxe4 16. Bf3 Qa4 17. b3 Qa3 18. Qc1 Rfe8 19. Qxa3 Bxa3 20. Bc1 Bxc1
21. Kxc1 Bd5 22. Bxd5 Rxd5 23. Ne5 Rxd1+ 24. Rxd1 Nxe5 25. fxe5 Kf8 26. Rd7 Rc8
27. e6 fxe6 28. Kd2 e5 29. Ke3 b5 30. Ke4 c5 31. Kxe5 c4 32. Ke6 cxb3 33. cxb3
Rc6+ 34. Kd5 Rc2 35. Ra7 Rxa2 36. g4 h6 37. Ke6 Re2+ 38. Kf5 Re3 39. Kg6 Re6+
40. Kf5 Rf6+ 41. Ke5 Kg8 42. b4 Kh7 43. h4 Kg6 44. g5 hxg5 45. hxg5 Rc6 46. Kd5
Rc4 47. Ke5 Rxb4 48. Rxa6+ Kxg5 {Normal} 0-1

[Event "Rated Rapid game"]
[Site "?"]
[Date "2021.07.18"]
[Round "?"]
[White "Unicornz"]
[Black "Phdchess50"]
[Result "1-0"]
[WhiteElo "2447"]
[BlackElo "2351"]
[PlyCount "25"]
[EventDate "2021.??.??"]
[EventType "rapid"]

1. e4 e5 2. Nf3 d5 3. exd5 e4 4. Nd4 Qxd5 5. Nb5 Na6 6. Be2 Nf6 7. O-O Bd7 8.
N1c3 Qe5 9. f4 exf3 10. Bxf3 Be7 11. Bxb7 Bxb5 12. Nxb5 Qxb5 13. Bxa8 {Time
forfeit} 1-0

[Event "Rated Blitz tournament Q4td42Tm"]
[Site "?"]
[Date "2021.07.18"]
[Round "?"]
[White "Sadykov_aidar"]
[Black "dr_xStranger"]
[Result "1-0"]
[WhiteElo "2386"]
[BlackElo "2517"]
[PlyCount "73"]
[EventDate "2021.??.??"]
[EventType "blitz"]

1. e4 e5 2. Nf3 d5 3. Nxe5 Bd6 4. d4 dxe4 5. Nc4 Nf6 6. Nxd6+ Qxd6 7. Nc3 O-O
8. Be2 Nc6 9. Be3 Rd8 10. O-O a6 11. a3 Nxd4 12. Bxd4 Qxd4 13. Qxd4 Rxd4 14.
Rfd1 Rxd1+ 15. Rxd1 Be6 16. Rd4 c5 17. Rd6 Kf8 18. Rb6 Rd8 19. Rxb7 c4 20. Kf1
Rd2 21. Bd1 Nd5 22. Ke1 e3 23. Ne4 Rd4 24. Bf3 Nf6 25. Nxf6 exf2+ 26. Kxf2 gxf6
27. Ke3 Rd6 28. Rb4 Kg7 29. Be2 Rc6 30. Kd4 Rd6+ 31. Kc3 Bd5 32. Bxc4 Rc6 33.
g3 a5 34. Ra4 Rc5 35. Kd4 Bc6 36. Kxc5 Bxa4 37. Bd3 {Normal} 1-0

[Event "Rated Blitz tournament zezbgotk"]
[Site "?"]
[Date "2021.07.18"]
[Round "?"]
[White "Sidonya"]
[Black "jsequera"]
[Result "0-1"]
[WhiteElo "2351"]
[BlackElo "2434"]
[PlyCount "42"]
[EventDate "2021.??.??"]
[EventType "blitz"]

1. e4 e5 2. Nf3 d5 3. d3 Nc6 4. Nbd2 Bc5 5. Be2 Nf6 6. O-O O-O 7. c3 Bg4 8. h3
Bh5 9. Re1 Qd6 10. a4 a5 11. Qc2 dxe4 12. dxe4 Rad8 13. Nc4 Qe7 14. Be3 Bxe3
15. Nxe3 Qc5 16. Rad1 Bg6 17. Nd2 Rd7 18. Bc4 Rfd8 19. Nd5 Nxd5 20. Bxd5 Rxd5
21. Nb3 Qd6 {Normal} 0-1

[Event "Rated Rapid game"]
[Site "?"]
[Date "2021.07.18"]
[Round "?"]
[White "Zigo123456"]
[Black "Tunayyy"]
[Result "0-1"]
[WhiteElo "2287"]
[BlackElo "2481"]
[PlyCount "124"]
[EventDate "2021.??.??"]
[EventType "rapid"]

1. e4 e5 2. Nf3 d5 3. exd5 e4 4. Ng1 Qxd5 5. Nc3 Qe5 6. Nge2 Nf6 7. d3 exd3 8.
Qxd3 Bf5 9. Qe3 Qxe3 10. Bxe3 Bxc2 11. Rc1 Bg6 12. Nf4 Nc6 13. Bb5 O-O-O 14.
Bxc6 bxc6 15. O-O Kb7 16. Nxg6 hxg6 17. Na4 Nd5 18. Nc5+ Bxc5 19. Bxc5 Rhe8 20.
Rfe1 Nf4 21. Rxe8 Rxe8 22. Rd1 Re2 23. Bd4 f6 24. Bc3 Rc2 25. Kf1 Nd5 26. Bd4
c5 27. Bxc5 Rxc5 28. b4 Nxb4 29. Rb1 a5 30. a3 Rb5 31. axb4 axb4 32. Ke2 Re5+
33. Kd3 c5 34. Kc4 Kc6 35. Rb2 Re4+ 36. Kd3 Rd4+ 37. Kc2 Kb5 38. g3 Kc4 39. h4
b3+ 40. Kc1 Kc3 41. Re2 b2+ 42. Rxb2 Rd1+ 43. Kxd1 Kxb2 44. g4 c4 45. h5 c3 46.
hxg6 c2+ 47. Ke2 c1=Q 48. f4 Qxf4 49. Kd3 Qxg4 50. Ke3 Qxg6 51. Kf4 Qg5+ 52.
Kf3 Qf5+ 53. Kg3 g5 54. Kg2 Qf4 55. Kh3 Qf3+ 56. Kh2 g4 57. Kg1 Qe2 58. Kh1 g3
59. Kg1 g2 60. Kh2 Qf3 61. Kg1 Qf1+ 62. Kh2 g1=Q# {Normal} 0-1

[Event "Rated Blitz tournament poUR4Q5G"]
[Site "?"]
[Date "2021.07.18"]
[Round "?"]
[White "Quieze"]
[Black "Schachelite"]
[Result "1-0"]
[WhiteElo "2338"]
[BlackElo "2491"]
[PlyCount "97"]
[EventDate "2021.??.??"]
[EventType "blitz"]

1. e4 e5 2. Nf3 d5 3. Nxe5 Bd6 4. d4 dxe4 5. Nc4 Nf6 6. Ne3 Nc6 7. d5 Ne7 8. c4
O-O 9. Nc3 c6 10. dxc6 Nxc6 11. Be2 Qe7 12. O-O Rd8 13. Ned5 Nxd5 14. Nxd5 Qh4
15. g3 Qh3 16. Re1 Bc5 17. Bf1 Qf5 18. Be3 Bf8 19. Bg2 Be6 20. Qc2 Ne5 21. Qxe4
Qxe4 22. Bxe4 Nxc4 23. Nc7 Nxe3 24. Nxa8 Nc4 25. Nc7 Nxb2 26. Nxe6 fxe6 27.
Bxb7 Nd3 28. Re2 Bc5 29. Be4 Nxf2 30. Rxf2 Rd2 31. Raf1 Rxa2 32. Kg2 Bxf2 33.
Rxf2 Ra4 34. Bc2 Rb4 35. Re2 Kf7 36. Bxh7 g6 37. Bxg6+ Kxg6 38. Rxe6+ Kf7 39.
Ra6 Rb7 40. h4 Kg7 41. Kh3 Rc7 42. h5 Kh7 43. Kh4 Rb7 44. g4 Rc7 45. h6 Rb7 46.
Kh5 Rc7 47. g5 Rb7 48. Rc6 Rd7 49. g6+ {Normal} 1-0

[Event "Rated Blitz game"]
[Site "?"]
[Date "2021.07.18"]
[Round "?"]
[White "ffl0"]
[Black "Schachelite"]
[Result "1-0"]
[WhiteElo "2516"]
[BlackElo "2485"]
[PlyCount "45"]
[EventDate "2021.??.??"]
[EventType "blitz"]

1. e4 e5 2. Nf3 d5 3. Nxe5 Bd6 4. d4 dxe4 5. Nc4 Nf6 6. Nc3 O-O 7. Bg5 Re8 8.
Be2 Nc6 9. Qd2 a6 10. Nd5 Be7 11. Nxe7+ Qxe7 12. O-O-O Rd8 13. Qc3 Be6 14. Kb1
Nb4 15. a3 Nbd5 16. Qg3 b5 17. Ne3 Nxe3 18. fxe3 Rab8 19. Rhf1 b4 20. Bxf6 Qf8
21. Bxd8 Qxd8 22. a4 Qd5 23. b3 {Normal} 1-0

[Event "Rated Rapid game"]
[Site "?"]
[Date "2021.07.18"]
[Round "?"]
[White "ozgurpir"]
[Black "Tunayyy"]
[Result "1/2-1/2"]
[WhiteElo "2286"]
[BlackElo "2481"]
[PlyCount "31"]
[EventDate "2021.??.??"]
[EventType "rapid"]

1. e4 e5 2. Nf3 d5 3. Nxe5 Bd6 4. d4 dxe4 5. Bc4 Bxe5 6. dxe5 Qxd1+ 7. Kxd1 Nc6
8. Bf4 Nge7 9. Nc3 Ng6 10. Be3 Ngxe5 11. Bd5 Bg4+ 12. Kc1 O-O-O 13. Bxe4 Rhe8
14. b3 f5 15. h3 fxe4 16. hxg4 {Normal} 1/2-1/2

[Event "Rated Blitz tournament A06xl9wx"]
[Site "?"]
[Date "2021.07.18"]
[Round "?"]
[White "hlvs"]
[Black "Batmen96"]
[Result "1-0"]
[WhiteElo "2402"]
[BlackElo "2240"]
[PlyCount "99"]
[EventDate "2021.??.??"]
[EventType "blitz"]

1. e4 e5 2. Nf3 d5 3. exd5 e4 4. Ne5 Qxd5 5. d4 exd3 6. Nxd3 Nf6 7. Nc3 Qd8 8.
Be2 Bd6 9. O-O O-O 10. Bf3 c6 11. h3 Be6 12. Bg5 Nbd7 13. Re1 h6 14. Bf4 Bxf4
15. Nxf4 Bf5 16. a4 Nb6 17. a5 Nc4 18. b3 Qxd1 19. Nxd1 Ne5 20. Rxe5 Bxc2 21.
b4 Rad8 22. Ne3 Bb3 23. b5 Rd4 24. Ne2 Ra4 25. Rxa4 Bxa4 26. a6 Bxb5 27. axb7
Rb8 28. Re7 Kf8 29. Rc7 Ne8 30. Rc8 Rxb7 31. Nd4 a5 32. Ra8 a4 33. Nxc6 Bxc6
34. Bxc6 Re7 35. Bxa4 f6 36. Nd5 Re1+ 37. Kh2 Kf7 38. Bxe8+ Rxe8 39. Rxe8 Kxe8
40. f4 Kf7 41. Kg3 f5 42. Kf3 Ke6 43. Nc3 g5 44. Ke3 Kd6 45. Kd4 Ke6 46. g3 Kf6
47. Nd5+ Ke6 48. Ne3 Kf6 49. Kd5 h5 50. h4 {Normal} 1-0

[Event "Rated Blitz game"]
[Site "?"]
[Date "2021.07.18"]
[Round "?"]
[White "MasterSili"]
[Black "kalomBayan"]
[Result "1/2-1/2"]
[WhiteElo "2450"]
[BlackElo "2241"]
[PlyCount "93"]
[EventDate "2021.??.??"]
[EventType "blitz"]

1. e4 e5 2. Nf3 d5 3. d4 dxe4 4. Nxe5 Be6 5. Bf4 Nd7 6. Bg3 Bd6 7. Be2 Ngf6 8.
Nxd7 Qxd7 9. Nc3 O-O 10. O-O Rfe8 11. Qd2 h6 12. Rad1 c6 13. a3 Rad8 14. Rfe1
Bxg3 15. hxg3 Bf5 16. Qe3 Nd5 17. Nxd5 cxd5 18. c4 a6 19. c5 Bg6 20. b4 Kh7 21.
Rc1 f5 22. Qb3 Rf8 23. b5 axb5 24. Bxb5 Qf7 25. Qe3 Qf6 26. c6 bxc6 27. Rxc6
Rd6 28. Rec1 Rfd8 29. a4 Be8 30. Rxd6 Qxd6 31. Rc5 Rb8 32. Qb3 Bf7 33. Qe3 Be8
34. Qf4 Qxf4 35. gxf4 Bxb5 36. axb5 Rd8 37. b6 Kg6 38. b7 Rb8 39. Rb5 Kf6 40.
Kh2 Ke6 41. Kh3 Kd6 42. g4 fxg4+ 43. Kxg4 Kc6 44. Rc5+ Kd6 45. Rb5 Kc6 46. Rc5+
Kd6 47. Rb5 {Normal} 1/2-1/2

[Event "Rated Blitz tournament zezbgotk"]
[Site "?"]
[Date "2021.07.18"]
[Round "?"]
[White "Sidonya"]
[Black "jsequera"]
[Result "0-1"]
[WhiteElo "2341"]
[BlackElo "2438"]
[PlyCount "52"]
[EventDate "2021.??.??"]
[EventType "blitz"]

1. e4 e5 2. Nf3 d5 3. d3 Nc6 4. Nbd2 Nf6 5. g3 Bc5 6. Bg2 dxe4 7. dxe4 Bg4 8.
O-O Qd7 9. c3 a5 10. Qc2 Bh3 11. Nc4 Bxg2 12. Kxg2 Qe6 13. b3 h5 14. h4 O-O-O
15. a3 Ng4 16. Qe2 f5 17. Bg5 Rdf8 18. b4 Ba7 19. Nxa5 Nxa5 20. bxa5 f4 21.
Rab1 Rf7 22. Rb2 Rhf8 23. Rfb1 fxg3 24. Rxb7 Rxf3 25. Rb8+ Bxb8 26. Qa6+ Qxa6 {
Normal} 0-1

[Event "Rated Blitz game"]
[Site "?"]
[Date "2021.07.18"]
[Round "?"]
[White "Robban74"]
[Black "Schachelite"]
[Result "0-1"]
[WhiteElo "2447"]
[BlackElo "2485"]
[PlyCount "52"]
[EventDate "2021.??.??"]
[EventType "blitz"]

1. e4 e5 2. Nf3 d5 3. d4 dxe4 4. Nxe5 Bd6 5. Nxf7 Kxf7 6. Bc4+ Be6 7. Bxe6+
Kxe6 8. O-O Nf6 9. c4 c5 10. Nc3 cxd4 11. Nxe4 Nxe4 12. Qg4+ Kf7 13. Qxe4 Nc6
14. Qd5+ Kf8 15. Bg5 Be7 16. Qf5+ Bf6 17. Rfe1 Ne7 18. Qf3 Kf7 19. Qxb7 Bxg5
20. f3 Be3+ 21. Kh1 Rb8 22. Qe4 Rxb2 23. Rad1 Qc8 24. h3 Rd8 25. Qxh7 Qf5 26.
Qh4 Qg5 {Normal} 0-1

[Event "Rated Blitz tournament poUR4Q5G"]
[Site "?"]
[Date "2021.07.18"]
[Round "?"]
[White "DesertWolfTempo"]
[Black "batasjon"]
[Result "1/2-1/2"]
[WhiteElo "2384"]
[BlackElo "2444"]
[PlyCount "122"]
[EventDate "2021.??.??"]
[EventType "blitz"]

1. e4 e5 2. Nf3 d5 3. Nxe5 Bd6 4. d4 dxe4 5. Nc4 Nf6 6. Bg5 O-O 7. Be2 Nc6 8.
Nc3 Be7 9. Be3 Nb4 10. O-O Nbd5 11. Nxd5 Nxd5 12. Bd2 c5 13. dxc5 Bxc5 14. Qc1
Be6 15. Ne3 Nf4 16. Re1 Qg5 17. g3 Nh3+ 18. Kg2 Qf6 19. Rf1 h6 20. Bc3 Qg6 21.
Kh1 Rad8 22. f4 exf3 23. Bxf3 b6 24. Bg2 Ng5 25. a3 Ne4 26. Be1 Bc8 27. b4 Be7
28. c4 Bb7 29. Ra2 Nd6 30. Bxb7 Nxb7 31. Qc2 Qg5 32. Nf5 Bf6 33. Qe2 Nd6 34.
Nxd6 Rxd6 35. Rd2 Re6 36. Qg2 Rfe8 37. Rd1 Re2 38. Bf2 Qh5 39. Rfe1 Rxe1+ 40.
Rxe1 Rxe1+ 41. Bxe1 Qd1 42. Qa8+ Kh7 43. Qe4+ g6 44. Kg2 Qc1 45. a4 Kg7 46. Bf2
Qb2 47. c5 bxc5 48. bxc5 Qc1 49. Qd5 Qc2 50. c6 h5 51. h4 Kf8 52. a5 a6 53. Qd7
Be5 54. Kg1 Qc1+ 55. Kh2 Qc2 56. Kg2 Qe4+ 57. Kg1 Qb1+ 58. Kh2 Qc2 59. Kg2 Qe4+
60. Kg1 Qb1+ 61. Kh2 Qc2 {Normal} 1/2-1/2

[Event "Rated Blitz game"]
[Site "?"]
[Date "2021.07.18"]
[Round "?"]
[White "TrispiosReturns"]
[Black "KamranShirazi"]
[Result "1-0"]
[WhiteElo "2552"]
[BlackElo "2552"]
[PlyCount "77"]
[EventDate "2021.??.??"]
[EventType "blitz"]

1. e4 e5 2. Nf3 d5 3. Nc3 dxe4 4. Nxe4 f5 5. Nc3 e4 6. Ne5 Qd4 7. Qh5+ g6 8.
Nxg6 hxg6 9. Qxg6+ Kd8 10. d3 Ne7 11. Bg5 Rh6 12. Qf7 Rh8 13. Bf6 Be6 14. Qxe6
Rh6 15. Qxe7+ Bxe7 16. Bxd4 Bg5 17. dxe4 Nc6 18. Be3 Bxe3 19. fxe3 fxe4 20.
O-O-O+ Ke8 21. Bb5 a6 22. Bxc6+ Rxc6 23. Nxe4 Rg6 24. Ng3 Ke7 25. Rhf1 Rh8 26.
Nf5+ Ke6 27. Nd4+ Ke7 28. g3 Rxh2 29. e4 Rg4 30. Rde1 c5 31. Nf5+ Ke6 32. b3
Ke5 33. Rf4 Rxf4 34. gxf4+ Kxf4 35. Nd6 b5 36. e5 Rh7 37. e6 Re7 38. Nc8 Re8
39. e7 {Normal} 1-0

[Event "Rated Blitz tournament poUR4Q5G"]
[Site "?"]
[Date "2021.07.18"]
[Round "?"]
[White "Turton24"]
[Black "batasjon"]
[Result "0-1"]
[WhiteElo "2250"]
[BlackElo "2435"]
[PlyCount "116"]
[EventDate "2021.??.??"]
[EventType "blitz"]

1. e4 e5 2. Nf3 d5 3. Nxe5 Bd6 4. d4 dxe4 5. Nc3 Nf6 6. Bg5 O-O 7. Bxf6 Qxf6 8.
Nxe4 Qe7 9. Qh5 f6 10. Bc4+ Be6 11. O-O fxe5 12. Ng5 g6 13. Bxe6+ Qxe6 14. Nxe6
gxh5 15. Nxf8 Kxf8 16. dxe5 Bxe5 17. c3 Nc6 18. Rfe1 Kf7 19. Rad1 Bd6 20. Re3
h4 21. Rf3+ Kg6 22. Re1 Rg8 23. Kf1 Ne5 24. Rf4 Kg5 25. Rfe4 Nd3 26. R1e2 Rf8
27. f3 h3 28. Rg4+ Kh5 29. Rd2 hxg2+ 30. Kxg2 Ne5 31. Rd5 Kh6 32. Rh4+ Kg6 33.
Rh3 Nf7 34. Rhh5 Rg8 35. Kf2 h6 36. h4 Kf6 37. Rhf5+ Ke6 38. c4 Bg3+ 39. Ke2
Nd6 40. Rh5 Rg6 41. b3 c6 42. Rd3 Nf5 43. Rd8 Bc7 44. Ra8 Ng3+ 45. Ke3 Nxh5 46.
Rxa7 Kf5 47. Rxb7 Bf4+ 48. Kf2 Bg3+ 49. Ke3 Re6+ 50. Kd2 Bf4+ 51. Kc3 Ng3 52.
Rf7+ Ke5 53. a4 Nf5 54. b4 Nxh4 55. a5 Nxf3 56. a6 Re8 57. a7 Bd2+ 58. Kd3 Bxb4
{Time forfeit} 0-1

[Event "Rated Blitz game"]
[Site "?"]
[Date "2021.07.18"]
[Round "?"]
[White "VasilijeVladacki"]
[Black "Vladislav89"]
[Result "0-1"]
[WhiteElo "2535"]
[BlackElo "2535"]
[PlyCount "124"]
[EventDate "2021.??.??"]
[EventType "blitz"]

1. e4 e5 2. Nf3 d5 3. Nxe5 Bd6 4. d4 dxe4 5. Nc3 Bxe5 6. dxe5 Qxd1+ 7. Kxd1
Bg4+ 8. Be2 Bxe2+ 9. Kxe2 Nc6 10. Be3 O-O-O 11. Nxe4 Nxe5 12. Rad1 Ne7 13. b3
f6 14. c4 a6 15. h3 Nf5 16. g4 Nxe3 17. Kxe3 Rhe8 18. Rxd8+ Kxd8 19. Rd1+ Kc8
20. f3 Ng6 21. Kf2 Re7 22. Kg3 Ne5 23. h4 Nc6 24. h5 h6 25. Kf4 Re5 26. Ng3 Ne7
27. Rd4 c6 28. Ne4 Kc7 29. Nd6 g5+ 30. Kg3 Ng8 31. Nf5 Re2 32. a4 a5 33. Rd3
Re8 34. c5 Re2 35. Nd6 Re5 36. Rc3 Ne7 37. Nf7 Re1 38. Nxh6 Rg1+ 39. Kf2 Rh1
40. Kg2 Rb1 41. Nf7 Nd5 42. Rc2 Nf4+ 43. Kf2 Rh1 44. Ke3 Rh3 45. Ke4 Nd5 46. h6
Kd7 47. Kf5 Ne3+ 48. Kg6 Nxc2 49. h7 Rxh7 50. Kxh7 Nd4 51. Kg7 Ke6 52. Nd8+ Ke5
53. Nxb7 Nxb3 54. Nd6 Nxc5 55. Ne8 Nxa4 56. Nxf6 Nb6 57. Ne4 Nd5 58. Nxg5 a4
59. Nf7+ Kf4 60. Nd6 a3 61. Ne4 a2 62. Nd2 a1=Q+ {Normal} 0-1

[Event "Rated Blitz game"]
[Site "?"]
[Date "2021.07.18"]
[Round "?"]
[White "ajaypsbb"]
[Black "Schachelite"]
[Result "1/2-1/2"]
[WhiteElo "2522"]
[BlackElo "2476"]
[PlyCount "97"]
[EventDate "2021.??.??"]
[EventType "blitz"]

1. e4 e5 2. Nf3 d5 3. exd5 e4 4. Qe2 Nf6 5. d3 Qxd5 6. Nbd2 Nc6 7. Nxe4 Be6 8.
Nxf6+ gxf6 9. Bf4 O-O-O 10. Qd2 Rg8 11. Bg3 h5 12. Be2 h4 13. Nxh4 Nd4 14. Bd1
Rh8 15. O-O Bh6 16. Bf4 Bg5 17. Nf3 Rdg8 18. Nxg5 fxg5 19. Bg3 f5 20. c3 f4 21.
cxd4 fxg3 22. fxg3 Qxd4+ 23. Qf2 Qxd3 24. Bc2 Qa6 25. a3 g4 26. Rae1 Bc4 27.
Qf5+ Kb8 28. Rf2 Qb6 29. Qe5 a6 30. Qe3 Qb5 31. b3 Bd5 32. b4 Bc6 33. Qe5 Qc4
34. Qe2 Qd5 35. Be4 Qh5 36. h4 gxh3 37. Qxh5 Rxh5 38. Bxc6 bxc6 39. gxh3 Rxg3+
40. Rg2 Rhxh3 41. Rxg3 Rxg3+ 42. Kf2 Rxa3 43. Re3 Rxe3 44. Kxe3 Kb7 45. Kd4 Kb6
46. Kc3 Kb5 47. Kb3 a5 48. Kc3 axb4+ 49. Kb3 {Time forfeit} 1/2-1/2

[Event "Rated Blitz tournament Q4td42Tm"]
[Site "?"]
[Date "2021.07.18"]
[Round "?"]
[White "maluccio"]
[Black "dr_xStranger"]
[Result "0-1"]
[WhiteElo "2257"]
[BlackElo "2520"]
[PlyCount "66"]
[EventDate "2021.??.??"]
[EventType "blitz"]

1. e4 e5 2. Nf3 d5 3. Bc4 dxc4 4. O-O Nc6 5. d3 Nf6 6. Re1 cxd3 7. cxd3 Bd6 8.
Nc3 h5 9. Bg5 Be6 10. Qa4 Qd7 11. Rac1 O-O-O 12. Nb5 a6 13. Nc3 Nd4 14. Qd1 Bg4
15. Bxf6 gxf6 16. Nd5 Nxf3+ 17. gxf3 Kb8 18. fxg4 hxg4 19. b4 g3 20. fxg3 Qh3
21. Re2 f5 22. Qc2 f4 23. Nxc7 fxg3 24. Nxa6+ bxa6 25. Qc6 gxh2+ 26. Kh1 Qxd3
27. Qb6+ Ka8 28. Qc6+ Ka7 29. Rg2 Rc8 30. Qd7+ Kb8 31. Re1 Rc7 32. Qa4 Rhc8 33.
Qa3 Qxa3 {Normal} 0-1

[Event "Rated Blitz game"]
[Site "?"]
[Date "2021.07.18"]
[Round "?"]
[White "RafaelSanzio"]
[Black "Killerrhino"]
[Result "1-0"]
[WhiteElo "2411"]
[BlackElo "2398"]
[PlyCount "143"]
[EventDate "2021.??.??"]
[EventType "blitz"]

1. e4 e5 2. Nf3 d5 3. exd5 e4 4. Nd4 Qxd5 5. Nb3 Bf5 6. Nc3 Qe5 7. Be2 Bd6 8.
g3 Bh3 9. d4 exd3 10. Qxd3 Nc6 11. Bf4 Qe7 12. Bxd6 cxd6 13. O-O-O O-O-O 14. f4
Nf6 15. Bf3 Bg4 16. Nd5 Qe6 17. Nxf6 Bxf3 18. Qxf3 Qxf6 19. Kb1 Rhe8 20. Rd2 g5
21. Qg4+ Kc7 22. fxg5 Qe6 23. Qf4 Rd7 24. a3 b6 25. Rhd1 Qe5 26. Qh4 Qg7 27.
Qc4 Kb7 28. Rxd6 Rc7 29. Rd7 Re7 30. Rxc7+ Rxc7 31. Qe4 Qxg5 32. Qxh7 f5 33.
Rd7 Qd8 34. Rxc7+ Qxc7 35. Qxc7+ Kxc7 36. Kc1 Kd6 37. Kd2 Ke5 38. Ke3 Ne7 39.
c4 Ng6 40. Nd4 a5 41. Nf3+ Kd6 42. b4 a4 43. h4 Ke6 44. h5 Ne7 45. Kf4 Kf6 46.
Nd4 Nc8 47. c5 bxc5 48. bxc5 Na7 49. c6 Ke7 50. h6 Kf6 51. c7 Nc8 52. Nxf5 Kg6
53. g4 Nb6 54. Ne7+ Kxh6 55. c8=Q Nxc8 56. Nxc8 Kg6 57. Nb6 Kf6 58. Nxa4 Ke6
59. Nc3 Kf6 60. a4 Ke6 61. g5 Kd6 62. g6 Kc5 63. Kg5 Kb4 64. g7 Kxc3 65. g8=Q
Kb4 66. Qb8+ Kxa4 67. Kf4 Ka5 68. Ke3 Ka6 69. Kd3 Ka5 70. Kc3 Ka6 71. Kc4 Ka5
72. Qb5# {Normal} 1-0

[Event "Rated Blitz game"]
[Site "?"]
[Date "2021.07.18"]
[Round "?"]
[White "Davigator"]
[Black "annaly1979"]
[Result "1-0"]
[WhiteElo "2444"]
[BlackElo "2435"]
[PlyCount "79"]
[EventDate "2021.??.??"]
[EventType "blitz"]

1. e4 e5 2. Nf3 d5 3. Nxe5 Qe7 4. d4 f6 5. Nf3 dxe4 6. Ng1 f5 7. Nc3 Nf6 8. Bg5
Nc6 9. Nge2 Qf7 10. Qd2 Bb4 11. a3 Ba5 12. b4 Bb6 13. d5 Ne5 14. Nf4 Bd7 15. a4
a5 16. Nb5 O-O 17. Be2 axb4 18. Bxf6 Qxf6 19. O-O Qh6 20. Rfd1 Rad8 21. g3 Bxb5
22. axb5 Rfe8 23. Qxb4 Bxf2+ 24. Kg2 Be3 25. Ne6 Rd7 26. Qc3 Ng6 27. Ra3 f4 28.
Bg4 f3+ 29. Kh1 Bb6 30. Bxf3 Rxe6 31. dxe6 Rxd1+ 32. Bxd1 Qc1 33. Ra1 Qg5 34.
Qe1 Qd5 35. Kg2 Qxe6 36. c3 Ne5 37. Ra8+ Kf7 38. Qf1+ Ke7 39. Qf8+ Kd7 40. Qd8#
{Normal} 1-0

[Event "Rated Blitz game"]
[Site "?"]
[Date "2021.07.18"]
[Round "?"]
[White "khedira99"]
[Black "annaly1979"]
[Result "1-0"]
[WhiteElo "2504"]
[BlackElo "2458"]
[PlyCount "167"]
[EventDate "2021.??.??"]
[EventType "blitz"]

1. e4 e5 2. Nf3 d5 3. exd5 e4 4. Qe2 f5 5. d3 Nf6 6. Nc3 Bb4 7. dxe4 Bxc3+ 8.
bxc3 fxe4 9. Nd4 Qxd5 10. Ba3 c5 11. Nb5 Na6 12. Rd1 Qxa2 13. Nd6+ Kf8 14. Bc1
Ke7 15. Nxe4 Be6 16. Ng5 Rhe8 17. Qxe6+ Qxe6+ 18. Nxe6 Kxe6 19. Be2 Kf7 20. Be3
Rac8 21. O-O Nb8 22. Bc4+ Kg6 23. Ra1 a6 24. Bd3+ Kf7 25. c4 Nbd7 26. Rab1 b6
27. Ra1 a5 28. Bf4 Ne4 29. h3 h6 30. Rfb1 g5 31. Be3 Nd6 32. Rd1 Ne5 33. Ra4
Rcd8 34. Rb1 Nxd3 35. cxd3 Nc8 36. Ra3 Rd7 37. Kf1 Red8 38. Ke2 Ke6 39. g3 Kf5
40. f3 h5 41. g4+ Kg6 42. gxh5+ Kxh5 43. Rg1 Rg8 44. Rg4 Re7 45. Kf2 Nd6 46. h4
Nf5 47. Rxg5+ Rxg5 48. Bxg5 Rd7 49. Rb3 Rd6 50. Bf4 Re6 51. Bg5 Nxh4 52. Bxh4
Kxh4 53. Rb2 Rd6 54. Rb3 Re6 55. Ra3 Rf6 56. Ke3 Kg3 57. Ke4 Rf4+ 58. Ke5 Rxf3
59. Rb3 Re3+ 60. Kd5 Kf3 61. Kc6 Ke2 62. Kxb6 Rxd3 63. Rb5 Rc3 64. Kxc5 a4 65.
Ra5 a3 66. Kb4 Kd2 67. Rxa3 Rc1 68. c5 Rb1+ 69. Kc4 Ke2 70. Kd5 Rc1 71. c6 Rd1+
72. Kc5 Rc1+ 73. Kd6 Rd1+ 74. Ke7 Rc1 75. Kd7 Rd1+ 76. Kc8 Rc1 77. c7 Kf2 78.
Rb3 Rc4 79. Kb7 Rc2 80. c8=Q Re2 81. Rb6 Ke1 82. Rf6 Rb2+ 83. Kc7 Rc2+ 84. Kd8
{Time forfeit} 1-0